000
00312nam a22001337a 4500
008
240501b |||||||| |||| 00| 0 eng d
020
_a
978-07-0698-7454
100
_a
C. R. Kothari
245
_a
Quantitative Techniques
250
_a
3rd.
260
_a
Noida
_b
Vikas
_c
2010
300
_a
596
942
_2
ddc
_c
BK
999
_c
20635
_d
20635